000 00274nam a22001217a 4500
008 190305b xxu||||| |||| 00| 0 eng d
041 _aeng
080 _22nd
_a330.722.6
100 _a61
101 _aKF
245 _aFinancial Accounting
_cSpiceland,J.D
942 _2udc
_cBK
999 _c54567
_d54567